000
00309nam a2200109Ia 4500
005
20251222154310.0
008
251222s9999||||xx |||||||||||||| ||spa||
082
_a
780.1/V23/1970
100
_a
"Valls Gorina, Manuel"
245
0
_a
Aproximación a la másica: reflexiones en torno al hecho musical
942
_c
LIB
999
_c
33367
_d
33367